000
00327nam a2200157Ia 4500
100
_a
Minelli/Michael
650
_a
Big data
942
_c
BK
366
_f
20
654
_a
big data
245
_a
Big data big analytics
260
_b
Wiley India.
_c
2013
082
_b
MIN
300
_a
187
546
_a
ENGLISH
_c
electronics
999
_c
33793
_d
33793